| 000 | 00494nam a2200169 i 4500 | ||
|---|---|---|---|
| 001 | 81075 | ||
| 003 | ES-MaACL | ||
| 005 | 20230906174349.0 | ||
| 007 | t| | ||
| 008 | 041102s1912 fr ||||1| fre d | ||
| 100 | 1 |
_aHollard, Auguste. _964028 |
|
| 245 | 1 | 3 |
_aLa théorie des ions et l'électrolyse / _cpar Auguste Hollard. |
| 250 | _a2e éd. entiérement ref. | ||
| 260 |
_aParis : _bGauthier-Villars, _c1912. |
||
| 300 |
_aVII, 220 p., 1 lám. : _bil. ; _c23 cm. |
||
| 852 |
_aES-MaACL _jF-371 |
||
| 999 |
_c81075 _d81075 |
||